Т. 197: Краевые задачи математической физики и смежные вопросы теории функций. 23; Записки научных семинаров ПОМИ

Bibliographic Details
Parent link:Записки научных семинаров ПОМИ/ Российская академия наук (РАН), Математический институт им. В. А. Стеклова (МИ). Т. 197: Краевые задачи математической физики и смежные вопросы теории функций. 23.— , 1991-1994
Other Authors: Ладыженская О. А. (редактор)
Language:Russian
Published: 1992
Subjects:
Format: MixedMaterials Book
KOHA link:https://koha.lib.tpu.ru/cgi-bin/koha/opac-detail.pl?biblionumber=136168

MARC

LEADER 00000nam2a2200000 4500
001 136168
005 20231031140341.0
035 |a (RuTPU)RU\TPU\book\147568 
035 |a RU\TPU\book\29437 
090 |a 136168 
100 |a 20080419d1992 k y0rusy50 ca 
101 0 |a rus 
102 |a RU 
105 |a y z 001zy 
200 0 |a Т. 197: Краевые задачи математической физики и смежные вопросы теории функций. 23  |f под ред. О. А. Ладыженской 
210 |d 1992 
215 |a 182 с. 
320 |a Библиогр. в конце статей 
461 1 |0 (RuTPU)RU\TPU\book\26556  |t Записки научных семинаров ПОМИ  |f Российская академия наук (РАН), Математический институт им. В. А. Стеклова (МИ)  |v Т. 197: Краевые задачи математической физики и смежные вопросы теории функций. 23  |d 1991-1994 
610 1 |a физика 
610 1 |a математическая физика 
610 1 |a квантовые группы 
610 1 |a деформация 
610 1 |a рассеяние 
610 1 |a уравнения 
610 1 |a уравнения Навье-Стокса 
610 1 |a аппроксимации 
610 1 |a функциональные пространства 
610 1 |a сплошные среды 
610 1 |a аттракторы 
675 |a 53:517  |v 3 
675 |a 517.5  |v 3 
702 1 |a Ладыженская  |b О. А.  |4 340 
801 0 |a RU  |b 63413507  |c 20011209  |g PSBO 
801 2 |a RU  |b 63413507  |c 20140327  |g PSBO 
942 |c BK